Digital design (Record no. 181322)
[ view plain ]
| 000 -LEADER | |
|---|---|
| fixed length control field | 00467nam a2200181Ia 4500 |
| 005 - DATE AND TIME OF LATEST TRANSACTION | |
| control field | 20241214124317.0 |
| 008 - FIXED-LENGTH DATA ELEMENTS--GENERAL INFORMATION | |
| fixed length control field | 231217s9999 xx 000 0 und d |
| 020 ## - INTERNATIONAL STANDARD BOOK NUMBER | |
| International Standard Book Number | 9788131714508 |
| 082 ## - DEWEY DECIMAL CLASSIFICATION NUMBER | |
| Classification number | 621.381952 MAN;28 |
| 100 ## - MAIN ENTRY--PERSONAL NAME | |
| Personal name | Mano, M Morris. Ciletti, Michael D. |
| 245 #0 - TITLE STATEMENT | |
| Title | Digital design |
| 250 ## - EDITION STATEMENT | |
| Edition statement | 4th ed. |
| 260 ## - PUBLICATION, DISTRIBUTION, ETC. (IMPRINT) | |
| Date of publication, distribution, etc. | 2008 |
| Name of publisher, distributor, etc. | Pearson Education |
| Place of publication, distribution, etc. | New Delhi |
| 300 ## - PHYSICAL DESCRIPTION | |
| Extent | xv+623 |
| 500 ## - GENERAL NOTE | |
| General note | Content page available |
| 650 ## - SUBJECT ADDED ENTRY--TOPICAL TERM | |
| Topical term or geographic name as entry element | Digital |
| 942 ## - ADDED ENTRY ELEMENTS (KOHA) | |
| Koha item type | Books |
| Date last seen | Total Checkouts | Full call number | Accession number | Old discount | Date checked out | Uniform Resource Identifier | Cost, replacement price | Price effective from | Category | Lost status | Damaged status | Department | Withdrawn status | bill no. | bill date | Permanent Location | Current Location | Shelving location | Entry date | Vendor | Cost, normal purchase price | Grants | Currency symbol | Conversion rate | Discount | Discount type | Public note |
|---|---|---|---|---|---|---|---|---|---|---|---|---|---|---|---|---|---|---|---|---|---|---|---|---|---|---|---|
| 26/09/2025 | 1 | 621.381952 MAN;28 | 50548 | 25 | 15/09/2025 | digital/contents/50548.pdf | 270.00 | 26/01/2024 | Books | Central Library | 50263 | 26/07/2011 | Central Library | Central Library | Central Library | 06/10/2008 | Book Paradise | 360.00 | IS | RS | 1 | 90 | Rupees | ||||
| 26/09/2025 | 2 | 621.381952 MAN;29 | 50549 | 25 | 12/09/2025 | digital/contents/50548.pdf | 270.00 | 26/01/2024 | Books | Central Library | 50263 | 26/07/2011 | Central Library | Central Library | Central Library | 06/10/2008 | Book Paradise | 360.00 | IS | RS | 1 | 90 | Rupees | ||||
| 26/01/2024 | 621.381952 MAN;33 | 57222 | 12 | digital/contents/50548.pdf | 351.12 | 26/01/2024 | Books | Central Library | SBH/CRB/060125 | 27/08/2013 | Central Library | Central Library | SC-ST | 10/12/2009 | Sapna Book House | 399.00 | SC-ST | RS | 1 | 47.88 | Rupees | SC-ST(1539) | |||||
| 26/01/2024 | 621.381952 MAN;34 | 57223 | 12 | digital/contents/50548.pdf | 351.12 | 26/01/2024 | Books | Central Library | SBH/CRB/060125 | 28/08/2013 | Central Library | Central Library | SC-ST | 10/12/2009 | Sapna Book House | 399.00 | SC-ST | RS | 1 | 47.88 | Rupees | SC-ST(1540) |
